Central Library OPAC University of Rajshahi

Probability & statistics for engineers & scientists / (Record no. 38387)

MARC details
000 -LEADER
fixed length control field 00917cam a2200277 a 4500
001 - CONTROL NUMBER
control field 38387
003 - CONTROL NUMBER IDENTIFIER
rucl marc code (BD-RjUL)
005 - DATE AND TIME OF LATEST TRANSACTION
control field 20211209052803.0
008 - FIXED-LENGTH DATA ELEMENTS--GENERAL INFORMATION
fixed length control field 010706s2002 njua b 001 0 eng
020 ## - INTERNATIONAL STANDARD BOOK NUMBER
International Standard Book Number 9788178086132
International Standard Book Number 8178086131
035 ## - SYSTEM CONTROL NUMBER
System control number (BD-RjUL)
040 ## - CATALOGING SOURCE
Original cataloging agency DLC
Transcribing agency (BD-RjUL)
Modifying agency DLC
082 00 - DEWEY DECIMAL CLASSIFICATION NUMBER
Classification number 519.02462
Edition number 21
Author mark and year PRO 2004
245 00 - TITLE STATEMENT
Title Probability & statistics for engineers & scientists /
Statement of responsibility, etc. Ronald E. Walpole ... [et al.].
246 3# - VARYING FORM OF TITLE
Title proper/short title Probability and statistics for engineers and scientists
250 ## - EDITION STATEMENT
Edition statement 7th ed.
260 ## - PUBLICATION, DISTRIBUTION, ETC. (IMPRINT)
Place of publication, distribution, etc. India :
Name of publisher, distributor, etc. Pearson Education,
Date of publication, distribution, etc. c2002 [reprint 2004].
300 ## - PHYSICAL DESCRIPTION
Pagination xvi, 730 p. :
Illustrations ill. (some col.) ;
Size 25 cm.
504 ## - BIBLIOGRAPHY, ETC. NOTE
Bibliography, etc Includes bibliographical references and index.
650 #0 - SUBJECT ADDED ENTRY--TOPICAL TERM
Topical term or geographic name as entry element Engineering
General subdivision Statistical methods.
9 (RLIN) 118587
Topical term or geographic name as entry element Probabilities.
9 (RLIN) 117042
700 1# - ADDED ENTRY--PERSONAL NAME
Personal name Walpole, Ronald E.
942 ## - ADDED ENTRY ELEMENTS (KOHA)
Source of classification or shelving scheme Dewey Decimal Classification
Koha item type Books
Holdings
Lost status Source of classification or shelving scheme Damaged status Not for loan Permanent Location Current Location Shelving location Date acquired Total Checkouts Full call number Date last seen Copy number Koha item type
  Dewey Decimal Classification   Not For Loan Department of Information and Communication Engineering (ICE) Library Department of Information and Communication Engineering (ICE) Library Seminar Library 21/11/2015   519.02462 PRO 2004 21/11/2015 C.1 Books